| 000 | 01164cam a22003495a 4500 | ||
|---|---|---|---|
| 001 | 011931722 | ||
| 003 | EG-ScBUE | ||
| 005 | 20211223124506.0 | ||
| 008 | 810205s1985 enka f b 000 1 eng d | ||
| 020 | _a0140431403 (pbk) | ||
| 020 | _a9780140431407 | ||
| 040 |
_aUk _beng _erda _cUk _dEG-ScBUE |
||
| 082 | 0 | 4 |
_a823.6 _bRIC _222 |
| 100 | 1 |
_aRichardson, Samuel, _d1689-1761, _eauthor. |
|
| 245 | 1 | 0 |
_aPamela, or, Virtue rewarded / _cSamuel Richardson ; edited by Peter Sabor ; with an introduction by Margaret A. Doody. |
| 246 | 3 | 3 | _aVirtue rewarded |
| 264 | 1 |
_aLondon : _bPenguin Books, _c1985. |
|
| 300 |
_a537 pages ; _c18 cm. |
||
| 336 |
_2rdacontent _atext _btxt |
||
| 337 |
_2rdamedia _aunmediated _bn |
||
| 338 |
_2rdacarrier _avolume _bnc |
||
| 490 | 0 | _aPenguin Classics | |
| 504 | _aIncludes bibliographical references. | ||
| 650 | 7 |
_aMaster and servant _vFiction. _2BUEsh |
|
| 650 | 7 |
_aWomen household employees _vFiction. _2BUEsh |
|
| 651 | _2BUEsh | ||
| 653 |
_bHHUUEENN _cOctober2018 |
||
| 655 |
_vReading book _934232 |
||
| 700 | 1 |
_aSabor, Peter, _eeditor. |
|
| 700 | 1 |
_aDoody, Margaret A., _eauthor of introduction, etc. |
|
| 942 |
_2ddc _cBB |
||
| 999 |
_c26866 _d26838 |
||